000 01773nam0a2200409 4500
001 RU\NLR\bibl\384051
005 20250622154535.0
010 _a5-17-010921-0
_bИзд-во АСТ
010 _a5-7390-0289-3
_bАгентство "Карпа "Олимп"
_94000
021 _aRU
_b2003-4391
_9201
035 _a(NLR Aleph) 000378439
090 _a440226
_c440226
100 _a20030317d2003 |||y0rusy50 ca
101 0 _arus
102 _aRU
105 _ay |||||||||
200 1 _aДревнерусская литература
_e[Критика и коммент., темы развернутые планы соч., материалы для подготовки к уроку]
210 _aМ.
_cАСТ
_cКРПА "Олимп"
_d2003
215 _a605 с.
_d21
225 1 _aШкола классики
_eШК : Кн. для ученика и учителя
320 _aБиблиогр.: с. 602-603
320 _aБиблиогр. в тексте и подстроч. прим.
606 0 _aДревнерусская литература
_xМетодика преподавания
_xСредняя школа
_91657736
_3RU\NLR\auth\66734160
606 0 _aДревнерусская литература
_xПреподавание
_xСредняя школа
_92143308
_3RU\NLR\auth\661291561
610 0 _aДревнерусская литература - Памятники (д. л.)
675 _a821.161.1-93
_v3
_zrus
686 _a17.82.93
_2rugasnti
686 _a84(2Рос-Рус)1-44
_2rubbk
686 _aШ9
_bШ5(2=Р)3
686 _aЧ426.21,6(2)313
801 0 _aRU
_bRKP
_c20030317
_gPSBO
801 1 _aRU
_bRKP
_c20030317
801 2 _aRU
_bNLR
_c20030416
_grcr
942 _cBOOK
980 _aNB